Statystyki dla XI Roku 2001 wg Tygodnika "Piłka Nożna" (Europa)

Kliknij tutaj aby rozwiązać quiz!

Ogólne statystyki

  • Ten quiz został rozwiązany 25 razy
  • Średni wynik to 8 z 11

Statystyki odpowiedzi

PozycjaKrajKlubZawodnik% Poprawnych
BRNiemcyBayernOliver Kahn
95%
PPPortugaliaReal M.Luis Figo
90%
LPFrancjaArsenalRobert Pires
90%
NFrancjaArsenalThierry Henry
90%
NAngliaLiverpoolMichael Owen
86%
ŚPDFrancjaArsenalPatrick Vieira
76%
ŚOWłochyLazioAlessandro Nesta
71%
ŚPOWłochyRomaFrancesco Totti
62%
ŚOFinlandiaLiverpoolSami Hyypia
62%
POFrancjaBayernWilly Sagnol
38%
LOFrancjaRomaVincent Candela
5%

Rozkład punktacji

Percentyl według liczby udzielonych odpowiedzi

Procent ludzi z każdym wynikiem

Twoja historia wyników

Nie rozwiązałeś tego quizu